000 00349nam a2200133Ia 4500
008 230917s9999||||xx |||||||||||||| ||und||
040 _e89614
_aMAIN
041 _aEnglish
082 _a372.6 T159C
100 _aTanwar, Omvir Singh
245 0 _aConstruction of a diagnostic test in English for VIII standard
300 _avarious p.
942 _cTH
999 _c74645
_d74645